Electromagnetic Fields and Waves: including electric circuits (Record no. 3563)

MARC details
000 -LEADER
fixed length control field 00866pam a2200277 a 4500
001 - CONTROL NUMBER
control field 4298361
003 - CONTROL NUMBER IDENTIFIER
control field OSt
005 - DATE AND TIME OF LATEST TRANSACTION
control field 20230420164026.0
008 - FIXED-LENGTH DATA ELEMENTS--GENERAL INFORMATION
fixed length control field 861125s1988 nyua b 001 0 eng
010 ## - LIBRARY OF CONGRESS CONTROL NUMBER
LC control number 86031803
020 ## - INTERNATIONAL STANDARD BOOK NUMBER
International Standard Book Number 0716718235
020 ## - INTERNATIONAL STANDARD BOOK NUMBER
International Standard Book Number 0716718693 (pbk.)
040 ## - CATALOGING SOURCE
Original cataloging agency DLC
Transcribing agency DLC
Modifying agency DLC
050 00 - LIBRARY OF CONGRESS CALL NUMBER
Classification number QC665.E4
Item number L67 1988
082 00 - DEWEY DECIMAL CLASSIFICATION NUMBER
Classification number 530.14 LOR 1988
Edition number 19
100 1# - MAIN ENTRY--PERSONAL NAME
Personal name Lorrain, Paul; Corson, Dale R.; Lorrain, Francois
9 (RLIN) 7968
245 10 - TITLE STATEMENT
Title Electromagnetic Fields and Waves: including electric circuits
250 ## - EDITION STATEMENT
Edition statement 3rd ed.
260 ## - PUBLICATION, DISTRIBUTION, ETC. (IMPRINT)
Place of publication, distribution, etc. New York ;
Name of publisher, distributor, etc. Freeman,
Date of publication, distribution, etc. 1988.
300 ## - PHYSICAL DESCRIPTION
Extent xiii, 754 p. :
Other physical details ill. ;
Dimensions 24 cm.
504 ## - BIBLIOGRAPHY, ETC. NOTE
Bibliography, etc Includes bibliographical references and index.
650 #0 - SUBJECT ADDED ENTRY--TOPICAL TERM
Topical term or geographic name as entry element Electromagnetic fields.
9 (RLIN) 7969
650 #0 - SUBJECT ADDED ENTRY--TOPICAL TERM
Topical term or geographic name as entry element Electromagnetic waves.
9 (RLIN) 7970
906 ## - LOCAL DATA ELEMENT F, LDF (RLIN)
a 7
b cbc
c orignew
d 1
e ocip
f 19
g y-gencatlg
942 ## - ADDED ENTRY ELEMENTS (KOHA)
Source of classification or shelving scheme Dewey Decimal Classification
Koha item type Short Loan
Holdings
Withdrawn status Lost status Source of classification or shelving scheme Damaged status Not for loan Home library Current library Date acquired Source of acquisition Inventory number Total Checkouts Full call number Barcode Date last seen Koha item type
    Dewey Decimal Classification     MUST Main Library MUST Main Library 14/04/2016 Purchase 03/19433   530.141 LOR 1988 2016-0917 14/04/2016 Short Loan
    Dewey Decimal Classification     MUST Main Library MUST Main Library 14/04/2016 Purchase 03/19432   530.141 LOR 1988 2016-0918 14/04/2016 Short Loan
    Dewey Decimal Classification     MUST Main Library MUST Main Library 20/04/2016 Purchase 01/15767   530.141 LOR 1988 2016-1105 20/04/2016 Short Loan
    Dewey Decimal Classification     MUST Main Library MUST Main Library 20/04/2016 Purchase 03/19431   530.141 LOR 1988 2016-1106 20/04/2016 Short Loan
    Dewey Decimal Classification     MUST Main Library MUST Main Library 21/01/2022 Purchase 05/24580   530.141 LOR 1988 2022-0091 21/01/2022 Open Shelf
    Dewey Decimal Classification     MUST Main Library MUST Main Library   Purchase 05/24581   530.14 LOR 1988 2024-20996 21/06/2024 Open Shelf